The death and rebirth of the Seneca, (Record no. 122195)
[ view plain ]
| 000 -LEADER | |
|---|---|
| fixed length control field | 00996cam a2200325 4500 |
| 001 - CONTROL NUMBER | |
| control field | 855542 |
| 003 - CONTROL NUMBER IDENTIFIER | |
| control field | ARRUPE |
| 005 - DATE AND TIME OF LATEST TRANSACTION | |
| control field | 20150225133520.0 |
| 008 - FIXED-LENGTH DATA ELEMENTS--GENERAL INFORMATION | |
| fixed length control field | 900823c19721969nyuab b 001 0 eng d |
| 010 ## - LIBRARY OF CONGRESS CONTROL NUMBER | |
| LC control number | 79088754 |
| 020 ## - INTERNATIONAL STANDARD BOOK NUMBER | |
| International Standard Book Number | 039471699X |
| 035 ## - SYSTEM CONTROL NUMBER | |
| System control number | (OCoLC)507702571 |
| 035 ## - SYSTEM CONTROL NUMBER | |
| System control number | (OCoLC)ocn507702571 |
| 035 ## - SYSTEM CONTROL NUMBER | |
| System control number | (CStRLIN)NYCG90-B52719 |
| 035 ## - SYSTEM CONTROL NUMBER | |
| System control number | (NNC)855542 |
| 040 ## - CATALOGING SOURCE | |
| Original cataloging agency | PU |
| Transcribing agency | PU |
| Modifying agency | NNC |
| 050 ## - LIBRARY OF CONGRESS CALL NUMBER | |
| Classification number | E99.S3W3 1972 |
| 090 ## - LOCALLY ASSIGNED LC-TYPE CALL NUMBER (OCLC); LOCAL CALL NUMBER (OCLC) | |
| Classification number (OCLC) (R) ; Classification number, CALL (RLIN) (NR) | E99.S3 |
| Local cutter number (OCLC) ; Book number/undivided call number, CALL (RLIN) | W3 1972 |
| 300 ## - PHYSICAL DESCRIPTION | |
| Other physical details | illus. |
| Dimensions | 25 cm. |
| 100 1# - MAIN ENTRY--PERSONAL NAME | |
| Personal name | Wallace, Anthony F. C., |
| Dates associated with a name | 1923- |
| 9 (RLIN) | 15539 |
| 245 14 - TITLE STATEMENT | |
| Title | The death and rebirth of the Seneca, |
| Statement of responsibility, etc | [by] Anthony F. C. Wallace, with the assistance of Sheila C. Steen. |
| 260 ## - PUBLICATION, DISTRIBUTION, ETC. (IMPRINT) | |
| Place of publication, distribution, etc | New York, |
| Name of publisher, distributor, etc | Vintage Books |
| Date of publication, distribution, etc | 1972, |
| 300 ## - PHYSICAL DESCRIPTION | |
| Extent | xi, 384, xi p. |
| 500 ## - GENERAL NOTE | |
| General note | Includes index. |
| 504 ## - BIBLIOGRAPHY, ETC. NOTE | |
| Bibliography, etc | Bibliography: p. 369-384. |
| 600 00 - SUBJECT ADDED ENTRY--PERSONAL NAME | |
| Personal name | Handsome Lake, |
| Dates associated with a name | 1735-1815. |
| 9 (RLIN) | 15540 |
| 650 #0 - SUBJECT ADDED ENTRY--TOPICAL TERM | |
| Topical term or geographic name as entry element | Seneca Indians. |
| 9 (RLIN) | 15541 |
| 700 1# - ADDED ENTRY--PERSONAL NAME | |
| Personal name | Steen, Sheila C., |
| Relator term | author. |
| 9 (RLIN) | 15542 |
| 942 ## - ADDED ENTRY ELEMENTS (KOHA) | |
| Source of classification or shelving scheme | Library of Congress Classification |
| Koha item type | Monograph ( Printed materials) |
| Withdrawn status | Lost status | Source of classification or shelving scheme | Damaged status | Not for loan | Collection code | Home library | Current library | Shelving location | Date acquired | Total Checkouts | Full call number | Barcode | Date last seen | Price effective from | Koha item type |
|---|---|---|---|---|---|---|---|---|---|---|---|---|---|---|---|
| Library of Congress Classification | Main Collection | ARRUPE LIBRARY | ARRUPE LIBRARY | Main Collection | 25/02/2015 | E99.S3W3 1972 | 46500000951 | 13/12/2017 | 25/02/2015 | Monograph ( Printed materials) |